| 000 | 00664nam a2200217 a 4500 | ||
|---|---|---|---|
| 001 | 000025061 | ||
| 005 | 20200930023534.0 | ||
| 008 | 110209s1993 es r 000 0 spa d | ||
| 020 | _a848405165x | ||
| 040 |
_aDO-SdBNP _bspa _cBNPHU |
||
| 082 |
_ann* _bnn* |
||
| 100 | 1 |
_aEllacuría, Ignacio. _951423 |
|
| 245 | 1 | 0 |
_aVeinte años de historia en El Salvador (1969-1989) : _bescritos políticos / _cIgnacio Ellacuría. |
| 250 | _a2a ed. | ||
| 260 |
_aEl Salvador : _bUCA, _c1993. |
||
| 300 |
_av. ; _c21 cm. |
||
| 490 | 1 | _aEstructuras y procesos | |
| 500 | _aLa biblioteca sólo posee el tomo 1 y 2. | ||
| 830 | 0 |
_aEstructuras y procesos _951424 |
|
| 049 | _aBNGR | ||
| 999 |
_c24554 _d24554 |
||